Score 0/12 Timer 02:00
0 Plays Today
Clue 4-Letter Word % Correct
The early [first rung] gets the [last rung] BIRD
97.1%
The early [first rung] gets the [last rung] WORM
94.3%
A large carmakerFORD
91.3%
Eat some if you're hungryFOOD
89.6%
This is the result after you seekFIND
89.3%
To tie up, for exampleBIND
88.8%
This is often built by kids in the backyardFORT
87.6%
Damaged, tired, etc.WORN
86.7%
How you feel about those close to youFOND
82.7%
String or rope, for exampleCORD
80.2%
It's grown in earsCORN
79.5%
...but hopefully you don't put this in your mouth tooFOOT
78.6%

Today's Daily Dose

Missing Word
I Hardly Know Her!

Word Ladder
Sentence Ending

Quick Pick
Female Firsts

Get the Picture
Triathlon Sports

Remove Ads.
Support Sporcle.
Get the best of Sporcle when you Go Orange. This ad-free experience offers more features, more stats, and more fun while also helping to support Sporcle. Thank you for becoming a member.

You're not logged in!

Compare scores with friends on all Sporcle quizzes.
OR
Log In

Show Comments

Extras

Top Quizzes Today


Score Distribution

Your Account Isn't Verified!

In order to create a playlist on Sporcle, you need to verify the email address you used during registration. Go to your Sporcle Settings to finish the process.

Report this User

Report this user for behavior that violates our Community Guidelines.

Details: